najgorsze kraje na world cup - Statystyki

Ogólne statystyki
  • Ten quiz został rozwiązany 41 razy
  • Średni wynik to 3 z 22
Statystyki odpowiedzi
Hint Odpowiedź % Poprawnych
2018 Panama
65%
1934 USA
50%
1998 USA
50%
2022 Qatar
41%
2002 Saudi Arabia
15%
1930 Mexico
12%
1958 Mexico
12%
1978 Mexico
12%
1950 Bolivia
9%
2010 North Korea
9%
1954 South Korea
9%
2014 Cameroon
6%
1986 Canada
6%
1938 Dutch East Indies
3%
1970 El Salvador
3%
1982 El Salvador
3%
1994 Grecce
3%
2006 Serbia and Montenegro
3%
1962 Switzerland
3%
1966 Switzerland
3%
1990 UAE
3%
1974 Zaire
3%
Nie znaleziono quizów pasujących do podanych kryteriów
Rozkład punktacji
Procent ludzi z każdym wynikiem
Percentyl według liczby udzielonych odpowiedzi
Twoja historia wyników
Nie rozwiązałeś tego quizu